000 01185cam a22003138a 4500
001 16179958
005 20170105102840.0
008 100409s2011 enk b 000 0 eng
010 _a 2010013550
020 _a9780415581165
040 _aDLC
_cDLC
043 _af-sa---
050 0 0 _aDT1974.2
_b.G74 2011
082 0 0 _a968.06
_222
100 1 _aGready, Paul.
245 1 4 _aThe era of transitional justice :
_bthe aftermath of the truth and reconciliation commission in South Africa and beyond /
_cPaul Gready.
260 _aMilton Park, Abingdon, Oxon ;
_aNew York :
_bRoutledge,
_c2011.
263 _a1009
300 _ap. cm.
504 _aIncludes bibliographical references.
610 1 0 _aSouth Africa.
_bTruth and Reconciliation Commission.
650 0 _aTruth commissions
_zSouth Africa
_xEvaluation.
650 0 _aApartheid
_zSouth Africa.
651 0 _aHuman rights
_zSouth Africa.
651 0 _aSouth Africa
_xPolitics and government.
906 _a7
_bcbc
_corignew
_d1
_eecip
_f20
_gy-gencatlg
942 _2ddc
_cBK
999 _c13849
_d13849